[Event "Odorheiu Secuiesc zt"]
[Site "Odorheiu Secuiesc"]
[Date "1995.??.??"]
[Round "3"]
[White "Georgiev, Kiril"]
[Black "Hracek, Zbynek"]
[Result "1/2-1/2"]
[WhiteElo "2625"]
[BlackElo "2595"]
[Annotator "Ribli,Z"]
[PlyCount "80"]
[EventDate "1995.03.??"]
[EventType "swiss"]
[EventRounds "9"]
[EventCountry "ROU"]
[SourceTitle "CBM 047"]
[Source "ChessBase"]
[SourceDate "1995.08.01"]
[SourceVersion "1"]
[SourceVersionDate "1995.08.01"]
[SourceQuality "1"]

1. e4 c5 2. Nf3 Nc6 3. d4 cxd4 4. Nxd4 Qc7 5. Nc3 e6 6. g3 a6 7. Bg2 Nf6 8. O-O
Nxd4 9. Qxd4 Bc5 10. Bf4 d6 11. Qd2 h6 12. Rad1 e5 (12... Ke7 13. h3 (13. Na4
$5) 13... Bd7 (13... e5 $5 14. Be3 Be6 $10) 14. a3 e5 15. Be3 Rac8 $13 {
Kudrin,S-Ruzele,D/Moscow olm/EXP44/}) 13. Be3 Ke7 14. f4 Be6 15. fxe5 dxe5 16.
Nd5+ Bxd5 17. exd5 Rhd8 (17... Rad8 $2 18. Kh1 Ne8 19. Qf2 {Popovic,
P-Damljanovic,B/Vrsac/1987/CBM05/INF44,(211)/}) 18. Kh1 Bxe3 (18... Rac8 19. c4
Qd6 20. Bxc5 (20. Rc1 $5 {Campora,D-Franzoni,G/Bern Training/1992/CBM30/})
20... Rxc5 21. Qe2 Rdc8 22. Bh3 R8c7 $10 {Short,N-Anand,V/Tilburg/1991/CBM26/
INF53,180/}) 19. Qxe3 Kf8 $5 {Der erste neue Zug.} (19... Ne8 $2 20. c4 $1 Qxc4
21. Qxe5+ Kf8 22. d6 $18 {Brunner,L-Fauland,A/Haifa/1989/INF48,(251)/}) 20. Rd2
(20. c4 Qxc4 21. Qxe5 Re8 22. Qd6+ Kg8 $13 {Schwarz hat genuegend Gegenspiel (/
\ Ng4 oder Rad8).}) 20... Qd6 21. c4 Rac8 22. b3 b6 23. Bh3 {Sofortige 23.Rdf2
kommt auch in Frage.} Rc7 24. Rdf2 b5 $5 {[#]} 25. Rxf6 $1 (25. Rc1 bxc4 26.
bxc4 Qc5 27. Qxc5+ Rxc5 28. Rfc2 Ne8 $15 {Mit der Idee Nd6,Rb8 und Schwarz
blockiert die gefaerliche weisse Freibauern und steht bequemer.}) 25... gxf6
26. Qxh6+ Ke7 {Wie kann der Anziehende seinen Angriff fortsetzen?} (26... Kg8
$2 27. Bf5 $18) 27. Be6 $1 {Der weisse Angriff sieht uebermaechtig aus, aber
Schwarz kann gut kontern.} fxe6 28. Rxf6 Kd7 29. Rxe6 Qf8 $1 {Dieser starke
Schluesselzug rettet die Partie, aber den sollte Schwarz schon nach 24...b5
vorauszusehen.} 30. Qh3 $1 Qf3+ {Hat der Nachziehende mehr als ewiges Schach
oder nicht?} 31. Kg1 Qd1+ 32. Kg2 Qc2+ 33. Kg1 Qb1+ 34. Kg2 Qxa2+ 35. Kg1 Qb1+
36. Kg2 Qc2+ 37. Kg1 Qd1+ 38. Kg2 Qd2+ 39. Kg1 Qd1+ 40. Kg2 Qc2+ {Ribli} (40...
Qc2+ $5 41. Kg1 Kc8 $5 {Schwarz koennte diesen Zug noch versuchen, weil ich
keine konkrete Material- verlust sehe und er kann spaeter noch ewiges Schach
geben.} 42. Rb6+ $5 Rcd7 (42... Rdd7 43. Qh8+ Rd8 44. Qh3+ $10) 43. Qe6 $44 {
Jetzt Schwarz soll ewiges Schach geben.}) 1/2-1/2

[Event "SVK-ch"]
[Site "Kaskady"]
[Date "2002.07.05"]
[Round "9"]
[White "Landa, Konstantin"]
[Black "Movsesian, Sergei"]
[Result "1-0"]
[WhiteElo "2623"]
[BlackElo "2624"]
[Annotator "Ribli,Z"]
[PlyCount "111"]
[EventDate "2002.06.27"]
[EventType "tourn"]
[EventRounds "11"]
[EventCountry "SVK"]
[EventCategory "12"]
[SourceTitle "CBM 090"]
[Source "ChessBase"]
[SourceDate "2002.09.20"]
[SourceVersion "1"]
[SourceVersionDate "2002.09.20"]
[SourceQuality "1"]

1. e4 c5 2. Nf3 Nc6 3. Nc3 e6 4. d4 cxd4 5. Nxd4 Qc7 6. f4 {Dieser Zug ist
heutzutage weniger populär - Weiß möchte eine starke Angriffsstellung aufbauen.
Übrigens spielt Großmeister Landa die Taimanov-Paulsen-Variante auch mit
Schwarz.} a6 (6... Nxd4 7. Qxd4 a6 {Diese Variante kommt stark in Betracht -
die scheinbar aktive weiße Dame steht auf d4 angreifbar.}) 7. Nxc6 Qxc6 8. Bd3
b5 9. Qe2 Bb7 10. Bd2 Be7 {Dieser Läuferzug ist ein wenig passiv - die
Alternative 10...Bc5 scheint aktiver und in diesem Fall kann Schwarz seinen
Springer nach e7 entwickeln.} (10... Bc5) 11. a3 Nf6 {Dieser Springerzug wird
in der Turnierpraxis weniger gespielt. Nach meiner persöhnlichen Meinung
bieten die Alternativen 11...Rc8 und 11...Qc7 mehr Chancen auf Gegenspiel.} (
11... Rc8 12. O-O (12. Qg4 $5) 12... Nf6 13. e5 (13. Rae1 O-O 14. Rf3 d5 15.
exd5 Bc5+ 16. Be3 exd5 {0-1 Gross,D-Neverov,V/Prerov 2001/CBM 87 (65)}) 13...
Nd5 14. Ne4 (14. f5 Bc5+ 15. Kh1 Bd4 16. fxe6 Qxe6 17. Bf5 Qxe5 18. Qd3 Ne7 19.
Rae1 Qd6 20. Be4 {1-0 Larsen,B-Spangenberg,H/La Plata 1997/CBM 62 ext (38)} (
20. Bf4 $16)) 14... f5 (14... g6 15. Kh1 O-O 16. Rae1 Rfe8 17. Qf3 f5 18. exf6
Nxf6 19. Qh3 Nxe4 20. Bxe4 Qb6 21. Bc3 Bxe4 22. Rxe4 Rf8 {1/2-1/2 Tolnai,
T-Horvath,J/Budapest 1989/TD (42)}) (14... O-O) 15. exf6 Nxf6 16. Ng5 O-O 17.
Kh1 Bc5 18. Rae1 Bd4 19. Bc1 Rce8 20. c3 Ba7 $13 21. Qc2 h6 (21... g6 $5 22.
Re2 Re7 $13) 22. Nf3 {1-0 Adams,M-Stefansson,H/Istanbul (ol) 80/169 2000/
[Adams,M] (27)}) (11... Qc7 12. O-O-O Nf6 13. e5 (13. g4 d5 14. e5 (14. g5 Nxe4
15. Nxe4 dxe4 16. Bxe4 O-O 17. Rhe1 Bxe4 18. Qxe4 Rac8 19. Bc3 {1/2-1/2 De
Vreugt,D-Botvinnik,M/Tel Aviv 2000/CBM 77 (58)}) 14... Nd7 15. Rhe1 Bc6 16. Be3
Rb8 17. Bd4 b4 18. axb4 Rxb4 {0-1 Loew,G-Epishin,V/Bad Woerishofen 1999/EXT
2000 (32)}) 13... Nd5 14. Nxd5 Bxd5 {[%csl Gd5]} 15. f5 Qc6 $13 {[%cal Gc6h1]}
16. Rhf1 {0-1 Galliamova,A-Kobalija,M/St Petersburg 1998/CBM 67/[Ribli] (45)})
12. e5 {Mit diesem Zug gewinnt Weiß Raum im Zentrum und er befestigt den
gegnerischen d-Bauern. Da der Zug 11.a3 gespielt ist, muss Weiß nicht mit dem 
(in anderen Stellungen) typischem Gegenangriff b5-b4 rechnen.} (12. O-O O-O 13.
e5 Nd5 $11 {Jetzt - da 12.0-0 0-0 gespielt ist - geht 14.Be4 nicht wegen 14...
Nxc3.} 14. Nxd5 Qxd5 15. c4 bxc4 16. Bxc4 Qc6 17. Rac1 Rac8 18. Kh1 Qb6 19. b4
d5 20. Be3 d4 {0-1 Hector,J-Cramling,P/Genoa 1989/EXT 97 (44)}) 12... Nd5 13.
Be4 $1 (13. O-O $6 O-O $11) 13... Qc5 (13... Rc8 $2 14. Nxd5 exd5 {[%csl Rd5,
Rd7]} 15. Bd3 O-O 16. O-O f5 17. Rae1 Bh4 {1-0 Hendriks,W-Fiol,F/Groningen
1997/EXT 2001 (34)}) (13... Nxc3 14. Bxc6 Nxe2 15. Bxb7 Rb8 16. Be4 $14 (16.
Bxa6 Nd4 $132) (16. Kxe2 Rxb7 17. Bb4 $14)) 14. O-O-O (14. Nxd5 Bxd5 15. O-O-O
$14) 14... Nxc3 (14... Rc8 $6 15. Nxd5 Bxd5 16. Bb4 Qc4 17. Qxc4 Bxc4 18. Bxe7
Kxe7 19. Rd6 {[%csl Gd6]} a5 20. Rhd1 $16) 15. Bxc3 {[%cal Rc3b4,Rb4e7]} Bxe4 (
15... Bc6 16. Bb4 $16) 16. Qxe4 $14 {[%cal Gd1d7] Weiß hat positionellen Druck
auf der d-Linie. Ein wichtiges Motiv ist - dank 11.a3 - , dass Weiß Bb4 ziehen
kann.} Qc6 17. Rhe1 (17. Qxc6 dxc6 $11) 17... Ra7 (17... Qxe4 18. Rxe4 $14) 18.
Bb4 $1 {[%mdl 32]} Qxe4 19. Rxe4 f5 (19... f6 $5) 20. Red4 {[%cal Gd1d7] Weiß
hat keine konkreten Drohungen, aber er kontrolliert mehr Raum.} Rg8 {[%cal
Gg7g5]} 21. Bxe7 Kxe7 22. h4 {[%mdl 4096] Weiß muss den Zug 22...g5 verhindern.
} Rc8 (22... h6 23. h5 g5 24. hxg6 Rxg6 25. R1d2 $14) 23. c3 Rc6 24. Kc2 {
Stufenweise verbessert Weiß seine Stellung, während Schwarz praktisch nur
warten kann.} (24. a4 $14) 24... a5 25. Kb3 {Weiß muss nicht eilen - mit dem
Königszug provoziert er das Schach mit a5-a4. Sein Plan ist - in einem gutem
Moment - a3-a4 zu ziehen.} Rb7 (25... h5 26. a4 $16 (26. R1d2 $16)) 26. R1d2
Rc5 27. h5 {[%csl Gh5] Auf diese Weise gewinnt Weiß Raum am Königsflügel.} Rbc7
28. g3 Rc4 29. Rd1 a4+ (29... R4c5 30. Rd6 $14) 30. Kc2 Kd8 (30... Rxd4 $6 31.
Rxd4 Rc4 32. Kd3 $16 (32. b3 axb3+ 33. Kxb3 $16)) 31. R1d3 R4c6 (31... Ke7 32.
Rd6 R4c6 33. b3 axb3+ 34. Kxb3 $16 {[%csl Gb3]}) 32. Rb4 {[%csl Gb4]} Rc5 33.
Rdd4 {Die weiße positionelle Drohung ist 34.Kd3 und 35.c4, wonach der a4P
schwach wird.} R7c6 34. Kd3 $16 {[%csl Gd3] Der weiße König steht sehr aktiv -
jetzt droht 35.c4.} d5 $5 {Dieser Zug rettet die Partie nicht, aber Schwarz
möchte mit diesem Bauernopfer etwas Gegenspiel finden.} 35. exd6 e5 (35... Kd7
36. c4 $16) 36. fxe5 Rxe5 37. c4 {Endlich kann Weiß diese Fortsetzung
ausführen.} bxc4+ 38. Rbxc4 Rxc4 39. Rxc4 (39. Kxc4 Kd7 40. Kb4 Re2) 39... Rd5+
(39... Ra5 40. Rc7 Rd5+ 41. Kc3 Rxd6 42. Rxg7 $18) 40. Rd4 Rb5 (40... Ra5 41.
Kc4 $16) 41. Kc2 (41. Rxa4 Rxb2) 41... Rc5+ 42. Kb1 (42. Kd3 Rb5) 42... Ra5 43.
Rb4 Ra7 (43... Rd5 44. Rxa4 Rxd6 45. Ra7 $18) 44. Rb5 g6 (44... Kd7 45. Rxf5
Kxd6 $16) 45. Re5 Ra6 (45... Rd7 46. hxg6 hxg6 47. Re6 Rg7 48. Kc2 Kd7 49. Rf6
$16) 46. Re6 Kd7 (46... gxh5 47. Rh6 $16) 47. Re7+ Kxd6 48. Rxh7 $18 {Wegen
des geometrischen Motivs gewinnt Weiß einen weiteren Bauern und die Partie.}
Ke5 (48... gxh5 49. Rh6+ $18 {[%cal Rh6a6]}) 49. Rh6 {[%csl Rg6][%cal Rh6a6]}
Rd6 50. Rxg6 Rd1+ 51. Kc2 Rh1 52. h6 {Weiß hat zwei Bauern mehr und alles ist
verteidigt in seiner Stellung.} Kd4 53. Ra6 Rh2+ 54. Kb1 Ke3 55. Rxa4 Rxh6 56.
Rf4 (56. Rf4 Rf6 57. Ka2 $18) 1-0

[Event "Benasque"]
[Site "Benasque"]
[Date "1995.??.??"]
[Round "5"]
[White "Martin Gonzalez, Angel"]
[Black "Lalic, Bogdan"]
[Result "1/2-1/2"]
[WhiteElo "2420"]
[BlackElo "2590"]
[Annotator "Ribli,Z"]
[PlyCount "54"]
[EventDate "1995.07.??"]
[EventType "tourn"]
[EventRounds "9"]
[EventCountry "ESP"]
[EventCategory "13"]
[SourceTitle "CBM 050"]
[Source "ChessBase"]
[SourceDate "1996.02.01"]
[SourceVersion "1"]
[SourceVersionDate "1996.02.01"]
[SourceQuality "1"]

1. e4 c5 2. Nf3 Nc6 3. d4 cxd4 4. Nxd4 Qc7 5. Nc3 e6 6. f4 Nxd4 7. Qxd4 a6 8.
Bd3 b5 9. Bd2 {Ein neuer Zug, Weiss will erst am Damenfluegel die Situation
klarstellen.} (9. a3 Nf6 10. b4 Bb7 11. O-O Be7 12. Bb2 $13 {Hector,J-Cramling,
P/Nordic zt/1992/CBM31/}) 9... Bb7 10. a4 b4 11. Na2 Nf6 $1 {Opfert Schwarz
einen Bauern ?} (11... a5 $2 12. Nc1 (12. c3 $5) 12... Nf6 13. Nb3 $14) 12. Qe3
{Mit diesem Zug anerkennt Weiss, dass sein Eroeffnungkonzept gescheitert hat.}
(12. Bxb4 Bxb4+ 13. Qxb4 a5 14. Qd2 (14. Qd4 Qxf4 $17) 14... Nxe4 $15) (12.
Nxb4 Bc5 13. Qc3 a5 14. Na2 Bxe4 15. Bxe4 Nxe4 16. Qxg7 Ke7 $44) 12... d5 $1
13. e5 d4 $1 {Ein unangenehmer Zwischenzug.} 14. Qe2 (14. Qxd4 $4 Bc5 15. Qc4
Bd5 $19) 14... Nd5 $15 {Schwarz hat die Eroeffnungsprobleme zufriedenstellend
geloest und uebernimmt schon die Initiative.} 15. O-O Bc5 16. f5 exf5 17. Rxf5
g6 18. Rg5 O-O 19. Qh5 {Droht /\ e6 nebst Bg6} Rae8 20. Re1 {Droht /\ wieder e6
} Re6 21. Nc1 Rfe8 22. Nb3 Ne3 $6 (22... Bb6 $5 {Es waere besser diesen
starken Laeufer zu behalten, dann droht /\ Ne3 mit mehr Kraft.}) 23. Nxc5 $1
Qxc5 24. Qh6 $1 {Droht /\ Rh5} Rxe5 {[#]} 25. Bxg6 $1 {Eine kleine aber
huebsche Kombination rettet die Partie.} hxg6 (25... Rxg5 $4 26. Qxh7+ Kf8 27.
Qxf7#) 26. Rxg6+ fxg6 27. Qxg6+ Kh8 1/2-1/2

[Event "Biel"]
[Site "Biel"]
[Date "1995.??.??"]
[Round "8"]
[White "Timman, Jan H"]
[Black "Milov, Vadim"]
[Result "1/2-1/2"]
[WhiteElo "2590"]
[BlackElo "2570"]
[Annotator "Ribli,Z"]
[PlyCount "72"]
[EventDate "1995.07.??"]
[EventType "tourn"]
[EventRounds "13"]
[EventCountry "SUI"]
[EventCategory "15"]
[SourceTitle "CBM 049"]
[Source "ChessBase"]
[SourceDate "1995.12.01"]
[SourceVersion "1"]
[SourceVersionDate "1995.12.01"]
[SourceQuality "1"]

1. e4 c5 2. Nf3 e6 3. d4 cxd4 4. Nxd4 a6 5. Nc3 Qc7 6. g3 Nc6 7. Bg2 d6 8. O-O
Be7 $5 {Die genaue Zugfolge.} 9. Re1 Bd7 10. Nxc6 Bxc6 11. Qg4 h5 12. Qe2 (12.
Qxg7 $4 Bf6 $19) 12... h4 13. a4 hxg3 14. hxg3 Kf8 $5 {Eine Neuerung.} (14...
Nf6 15. Bd2 Rc8 16. a5 e5 17. Rec1 Bd7 18. Na4 Bg4 19. Bf3 Bxf3 20. Qxf3 Qc6
$13 {Nunn,J-Van der Wiel,J/Rotterdam WCup/1989/CBM13/}) 15. a5 Nf6 16. Be3 Re8
{Wegen dieser interessanten Idee spielte Schwarz 14...Kf8.} 17. Bd4 (17. Bg5 $5
) 17... Qc8 18. Red1 Rh7 {Schwarz hat die Eroeffnung zufriedenstellend geloest.
} 19. Be3 {Der Anziehende findet den richtigen Plan nicht.} Nd7 $5 {Schwarz
bereitet sich auch gegen Bg5 und auch gegen Bf4 vor.} 20. f4 Nf6 21. Bf3 g6 22.
Kg2 Kg7 23. Rh1 Reh8 24. Rxh7+ Rxh7 25. Rh1 Rxh1 26. Kxh1 e5 27. Kg2 Bd7 $5 {
Jetzt soll schon Weiss aufpassen. Droht /\ Be6 und dann Nd5 wegen Bxd5,e4 geht
nicht mehr.} 28. Nd5 Nxd5 29. exd5 Bb5 30. Qd1 Bf6 31. b3 Bd7 32. c4 Bh3+ 33.
Kf2 exf4 34. gxf4 (34. Bxf4 $2 Qc5+ $36) 34... Qh8 35. Qh1 Qc8 36. Qd1 Qh8 {
Ribli} 1/2-1/2

[Event "GER-GRE"]
[Site "Fuerth"]
[Date "2002.09.01"]
[Round "2"]
[White "Schmaltz, Roland"]
[Black "Halkias, Stelios"]
[Result "1-0"]
[WhiteElo "2547"]
[BlackElo "2550"]
[Annotator "Ribli,Z"]
[PlyCount "87"]
[EventDate "2002.08.31"]
[EventType "team"]
[EventRounds "6"]
[EventCountry "GER"]
[SourceTitle "CBM 091"]
[Source "ChessBase"]
[SourceDate "2002.11.12"]
[SourceVersion "1"]
[SourceVersionDate "2002.11.12"]
[SourceQuality "1"]
[WhiteTeam "Germany"]
[BlackTeam "Greece"]
[WhiteTeamCountry "GER"]
[BlackTeamCountry "GRE"]

1. e4 c5 2. Nc3 e6 3. Nf3 Nc6 4. d4 cxd4 5. Nxd4 Qc7 6. f4 {Diese Fortsetzung
ist heutzutage weniger populär als 10 Jahre zuvor. Mit dem Textzug möchte Weiß
eine starke Angriffsstellung aufbauen.} Nxd4 {Die andere Möglichkeit für
Schwarz wäre 6...a6. Mit der Textfortsetzung möchte Schwarz später ausnutzen,
dass die weiße Dame auf d4 exponiert steht.} 7. Qxd4 a6 8. Be3 b5 9. O-O-O Bb7
10. Bd3 $5 {Diese Läuferentwicklung wird selten gespielt, populärer ist die
Variante 10.Be2 Rc8 11.Rd2.} (10. e5 Rc8 11. Bd3 Ne7 12. Ne4 Nf5 13. Qb6 Be7
14. g4 d5 15. Nf6+ gxf6 16. gxf5 d4 17. Qxc7 Rxc7 18. Bxd4 Bxh1 19. exf6 Bd6
20. Rxh1 Bxf4+ 21. Kb1 e5 22. Re1 Bxh2 {0-1 Ulibin,M-Lautier,J/Tilburg 1992/
CBM 32 (51)}) (10. Kb1 Rc8 (10... Nf6 11. e5 Nd5 12. Nxd5 Bxd5 13. f5 Rc8 14.
Bd3 Qa5 15. b3 Bc5 16. Qf4 Bxe3 17. Qxe3 exf5 18. Bxf5 Be6 19. Bd3 Qb4 {
1/2-1/2 Zlatic,M-Zafirovski,M/Niska Banja 1996/EXT 2002 (25)}) 11. Rd2 Nf6 12.
e5 Nd5 13. Nxd5 Bxd5 14. Qb6 Qxb6 15. Bxb6 Bc5 16. Bxc5 Rxc5 17. Bd3 Ke7 18.
Re1 {1-0 Martinez,C-Marques,V/Sao Paulo 1998/EXT 99 (32)}) 10... Rc8 11. Kb1 (
11. Rhe1 Ne7 (11... Nf6 $5 12. e5 Nd5 $11) 12. Qb6 Qxb6 13. Bxb6 Ng6 14. g3 Bb4
$11 {1/2-1/2 Gross,D-Lutz,C/Leipzig 2002/[Ribli Zoltan] (34)}) 11... Nf6 (11...
d6 12. Rd2 Nf6 13. Rhd1 Be7 14. e5 dxe5 15. fxe5 Nd5 16. Ne4 O-O 17. Bg5 Rcd8
18. Bxe7 Nxe7 19. Nd6 Bd5 20. Qh4 g6 21. Be4 {1-0 Edelman,D-Fancsy,I/Budapest
1996/EXT 98 (43)}) (11... Ne7 $5 {[%cal Ge7c6,Gc6d4] Dieser Springerzug kommt
stark in Betracht - im folgenden kann Schwarz dann 12...Nc6 spielen und die
d4Q steht weniger gut als in der Partie. Wahrscheinlich müsste Weiß mit Qb6
die Damen tauschen, aber in diesem Fall wäre das Endspiel haltbar für Schwarz.}
) 12. e5 {[%mdl 4] Dieser Zug scheint mir logischer, als 12.Rhe1, was auch in
Betracht kommt.} (12. Rhe1 Be7 13. e5 Nd5 14. Nxd5 Bxd5 15. f5 g6 16. f6 Bc5
17. Qh4 Bxe3 18. Rxe3 Qc5 19. Re2 h6 20. b3 Kf8 21. Be4 Bc6 22. Bxc6 dxc6 23.
Red2 Kg8 24. Qe4 Kh7 25. Rd7 {1-0 Fogarasi,T-Spassov,L/Budapest 2001/CBM 84
ext (44)}) 12... Nd5 13. Ne4 {[%cal Ge4d6]} (13. Nxd5 Bxd5 $11) 13... Be7 (
13... Nxe3 {Nach 13...Nb4 wäre 14.Nd6+ Bxd6 15.exd6 Qa5 16.a3 vorteilhaft für
Weiß.} 14. Qxe3 Be7 15. Rhe1 g6 $14 (15... O-O 16. Nf6+ $1 gxf6 (16... Bxf6 17.
exf6 $16) 17. Qg3+ Kh8 18. Qh4 f5 19. Qxe7 $16) (15... Bxe4 16. Bxe4 d5 17.
exd6 Bxd6 18. f5 $40 {[%cal Ge1e8]})) (13... Qc6 $5 {Mit diesem Zug vermeidet
Schwarz das Tempomotiv exd6, weil jetzt 14.Nd6+ Bxd6 15.exd6 kein Tempo
gewinnt.} 14. Rhf1 (14. Nd6+ Bxd6 15. exd6 O-O $15) 14... Be7 15. f5 $36) 14.
Nd6+ $1 Bxd6 15. exd6 Qxd6 16. Qxg7 Qf8 (16... Nxe3 17. Qxh8+ Ke7 18. Qxh7 Bxg2
(18... Nxd1 19. Qh4+ Ke8 20. Rxd1 Bxg2 21. Rg1 $18) 19. Qh4+ $16) 17. Qd4 $14 {
[%csl Gd3,Gd4,Ge3][%mdl 2048] Weiß muss - natürlich - die Damen auf dem Brett
behalten, weil die schwarze Königsstellung geschwächt ist.} (17. Qxf8+ $6 Rxf8
18. Bd2 Rg8 $11) 17... f5 {Mit diesem Zug verteidigt sich Schwarz gegen f4-f5.}
(17... Nxe3 18. Qxe3 Bxg2 19. Rhg1 Bd5 20. f5 $36 {[%csl Re8]}) 18. Bf2 (18.
Bd2 $14) 18... Rg8 19. Qa7 {[%csl Ga7]} Bc6 (19... Qd6 20. g3 $14 (20. Qxb7 Rc7
21. Qb8+ Kf7 $17 {[%csl Rb8]})) 20. Bc5 Qh6 21. Bd6 Kf7 (21... Nxf4 $4 22. Qe3
$18) (21... Rxg2 $5 22. Bxf5 exf5 23. Rhe1+ Kf7 24. Rxd5 Kg8 $14 (24... Bxd5
25. Qxd7+ $18)) 22. Rhe1 Rge8 $6 {Dieser Zug ist zu passiv, Schwarz muss den
Turm auf der g-Linie belassen.} (22... Rxg2 23. Bxf5 Nc3+ 24. bxc3 exf5 25. Bc5
$1 Kg8 26. Qxa6 Ra8 27. Rxd7 $1 $18) (22... Ra8 23. Qc5 $14) 23. h3 $1 {
[%cal Gg2g4] Weiß möchte g2-g4 ziehen.} Ra8 24. Qf2 Nf6 {[%cal Gf6e4]} 25. Be5
Rg8 (25... Ne4 26. Bxe4 fxe4 27. f5 $40) 26. g4 $1 $40 fxg4 27. f5 Rae8 (27...
Bf3 28. fxe6+ dxe6 29. Bxf6 Qxf6 30. Rf1 h5 31. hxg4 hxg4 32. Be4 Rad8 33. Rde1
) 28. hxg4 Rxg4 (28... Nxg4 29. fxe6+ $18) (28... Qg5 29. fxe6+ Rxe6 30. Bf5
Re7 31. Rd6 $18) 29. fxe6+ Rxe6 (29... dxe6 30. Rf1 $18) 30. Bf5 $16 {[%cal
Rf5e6,Rf5g4] Mit diesem Zug gewinnt Weiß eine Qualität und sein Angriff bleibt
stark.} Rxe5 31. Rxe5 Rg2 32. Qc5 Qf8 {[#]} 33. Be6+ $1 $18 {Dieses schöne
Läuferschach ist die einfachste Lösung des Stellungsproblems.} Kg7 (33... dxe6
34. Qxc6 $18 {[%cal Rc6g2,Rc6e6]}) 34. Rg5+ Rxg5 35. Qxg5+ Kh8 36. Rf1 {
[%csl Rf6][%cal Rf1f8]} dxe6 37. Rxf6 {Schwarz hat zwar einen Bauern für die
Qualität, aber wegen der Schwächung des Königsflügels ist seine Stellung ist
hoffnungslos.} Qd8 38. b3 (38. Kc1 $18) 38... Be4 39. Kc1 Qc8 40. Rf2 Bg6 41.
Qf6+ Kg8 42. Rd2 {[%cal Rd2d8,Rd8g8,Rd8c8]} Qc6 43. Rd8+ Be8 44. Qe7 1-0

[Event "RUS-ch"]
[Site "Elista"]
[Date "1995.??.??"]
[Round "1"]
[White "Dolmatov, Sergey"]
[Black "Tunik, Gennady"]
[Result "1/2-1/2"]
[WhiteElo "2615"]
[BlackElo "2515"]
[Annotator "Ribli,Z"]
[PlyCount "59"]
[EventDate "1995.10.??"]
[EventType "swiss"]
[EventRounds "11"]
[EventCountry "RUS"]
[SourceTitle "CBM 050"]
[Source "ChessBase"]
[SourceDate "1996.02.01"]
[SourceVersion "1"]
[SourceVersionDate "1996.02.01"]
[SourceQuality "1"]

1. e4 c5 2. Nf3 Nc6 3. d4 cxd4 4. Nxd4 e6 5. Nc3 a6 6. Be2 Qc7 7. O-O Nf6 8.
Kh1 Nxd4 9. Qxd4 Bc5 10. Qd3 b5 11. f4 (11. Bg5 b4 12. Na4 Be7 13. f4 Bb7 14.
e5 Nd5 15. Bxe7 Kxe7 $6 (15... Nxe7 $5) 16. c4 $1 $14 {Ricardi,P-Sadler,M/
Buenos Aires/1995/CBM49/}) 11... h5 12. e5 Ng4 13. Bf3 (13. Qh3 Nh6 14. Bf3 Bb7
15. Ne4 Be7 16. Nd6+ Bxd6 17. exd6 Qc4 $10 {Velimirovic,D-Matulovic,M/JUG-ch/
1994/CBM43/INF60,(192)/}) 13... Bb7 14. Bxb7 Qxb7 15. Ne4 Be7 16. b3 {Weiss
versucht mit einer neuen Idee in Vorteil zu kommmen.} (16. h3 Nh6 17. Be3 Nf5
18. Bf2 h4 19. c3 O-O $10 {Anand,V-Ivanchuk,V/Buenos Aires/1994/CBM44/INF62,
(186)/}) 16... Nh6 17. Bb2 (17. Nd6+ Bxd6 18. Qxd6 Nf5 $15 {Der f5-Springer
ist viel besser als der c1-Laeufer.}) 17... Nf5 18. Rae1 $5 {Weiss will gegen
den schwarzen Koenig in der Mitte taktische Moeglichkeiten vorbereiten.} Rc8
19. Re2 (19. Nd6+ $2 Bxd6 20. exd6 Rc5 $15) 19... h4 20. Qf3 {Droht /\ Nf6,
weil die schwarze Dame auf b7 haengt.} Qc6 21. Rd1 Bc5 $6 {Unnoetige
Tempoverlust.} (21... Rh6 $5) 22. Rd3 (22. Red2 $4 Qxe4 $1 23. Qxe4 Ng3+ 24.
hxg3 hxg3+ $19) 22... Be7 23. Rc3 (23. Red2 $5 Rc7 24. Rxd7 Qxd7 (24... Rxd7 $2
25. Nf6+ $18) 25. Rxd7 Kxd7 $1 $13 (25... Rxd7 26. Nd6+ $1 Bxd6 (26... Nxd6 27.
exd6 Rxd6 28. Bxg7 $36) 27. Qa8+ Rd8 (27... Ke7 28. exd6+ $1 (28. Qxh8 Bc5 29.
Qh5 Rd2 $44) 28... Rxd6 29. Qb7+ Ke8 30. Kg1 $36) 28. Qc6+ $36)) 23... Qa8 24.
Rxc8+ Qxc8 {Typische Paulsen-Stellung, Schwarz steht passiver aber seine
Stellung ist sehr flexibel.} 25. Qh3 {Droht /\ g4} Rh6 $1 26. c4 Qc6 $1 27.
cxb5 Qd5 (27... Qxb5 $5) 28. Qc3 Qxb5 29. Re1 f6 $1 {Schwarz will seinen
Koenig in die Sicherheit bringen.} 30. Qc4 {Ribli} 1/2-1/2